Catálogo público

Memorias / (Record no. 169142)

MARC details
000 -CABECERA
campo de control de longitud fija 00801nam a2200241Ia 4500
001 - NÚMERO DE CONTROL
campo de control Z_5934
003 - IDENTIFICADOR DEL NÚMERO DE CONTROL
campo de control CHAP
008 - DATOS DE LONGITUD FIJA--INFORMACIÓN GENERAL
campo de control de longitud fija 220113s9999 xx 000 0 und d
010 ## - NÚMERO DE CONTROL DE LA BIBLIOTECA DEL CONGRESO
Número de control de LC 169142
040 ## - FUENTE DE LA CATALOGACIÓN
Centro/agencia transcriptor CHAP
082 ## - NÚMERO DE LA CLASIFICACIÓN DECIMAL DEWEY
Número de clasificación 636.9322 C6 1998
100 ## - ENTRADA PRINCIPAL--NOMBRE DE PERSONA
Nombre de persona Congreso de cunicultura de las américas (1:1998:Montecillos,Edo. de México)
9 (RLIN) 143497
245 ## - MENCIÓN DE TÍTULO
Título Memorias /
Mención de responsabilidad, etc. por la Asociacion Científica Mundial de Cunicultura.
260 ## - PUBLICACIÓN, DISTRIBUCIÓN, ETC.
Lugar de publicación, distribución, etc. Montecillo,Méx. :
Nombre del editor, distribuidor, etc. La Asociación,1998,
Fecha de publicación, distribución, etc.
300 ## - DESCRIPCIÓN FÍSICA
Extensión 239 p.
650 ## - PUNTO DE ACCESO ADICIONAL DE MATERIA--TÉRMINO DE MATERIA
Término de materia o nombre geográfico como elemento de entrada Cunicultura
Subdivisión general Congresos I. Asociación Científica Mundial de Cunicultura II.C.P. Instituto de Recursos Genéticos y Productividad Especialidad de Ganadería
9 (RLIN) 140366
901 ## - ELEMENTOS DE DATOS A LOCAL LDA (RLIN)
a 636.9322 C6 1998
902 ## - ELEMENTOS DE DATOS B LOCAL, LDB (RLIN)
a M
910 ## - DATOS DE OPCIÓN DEL USUARIO (OCLC)
Datos de opción del usuario
942 ## - ELEMENTOS DE PUNTO DE ACCESO ADICIONAL (KOHA)
Tipo de ítem Koha Libro_
942 ## - ELEMENTOS DE PUNTO DE ACCESO ADICIONAL (KOHA)
Tipo de ítem Koha
Holdings
Estado de retiro Estado de pérdida Fuente del sistema de clasificación o colocación Estado dañado No para préstamo Código de colección Localización permanente Ubicación/localización actual Ubicación en estantería Fecha de adquisición Total de préstamos Código de barras Fecha visto por última vez Fecha del último préstamo Número de copia Precio válido a partir de Tipo de ítem Koha
    Dewey Decimal Classification     General Zootecnia Zootecnia   28/05/2011 1 z_2877 06/05/2025 06/05/2025 1 18/01/2022 Libro